| 000 | 00742nam a2200229 a 4500 | ||
|---|---|---|---|
| 001 | 000042943 | ||
| 005 | 20201002040521.0 | ||
| 008 | 140213s1986 sp 000 0 spa d | ||
| 020 | _a8472233553 | ||
| 040 |
_aDO-SdBNP _bspa _cBNPHU |
||
| 100 | 1 |
_aBerg, Jeanne de _970434 |
|
| 240 | 1 | 0 | _aCérémonies de Femmes |
| 245 | 1 | 0 |
_aCeremonias de mujeres / _cJeanne de Berg; traducción, Encarna Castejón. |
| 260 |
_aBarcelona, : _bTusquets, _c1986. |
||
| 300 |
_a163 p. ; _c20 cm. |
||
| 490 | 1 | _aErótica | |
| 490 | 1 |
_aLa sonrisa vertical _v52 |
|
| 500 | _aIncluye datos biografícos del autor en la solapa de la portada | ||
| 700 | 1 |
_aGalmarini, Marco Aurelio _946935 |
|
| 830 | 0 |
_aErótica _970431 |
|
| 830 | 0 |
_aLa sonrisa vertical _v52 _919576 |
|
| 999 |
_c42432 _d42432 |
||